[Event "DOM-ch"]
[Site "Santo Domingo"]
[Date "2018.04.28"]
[Round "6"]
[White "Estevez Polanco, Leonardo Rafael"]
[Black "Rodriguez Torres, Carlos Manue"]
[Result "1-0"]
[WhiteElo "2194"]
[BlackElo "1905"]
[PlyCount "83"]
[EventDate "2018.04.20"]
[EventType "swiss"]
[EventRounds "11"]
[EventCountry "DOM"]
[SourceTitle "CBM 184 Extra"]
[Source "ChessBase"]
[SourceDate "2018.06.28"]
[SourceVersion "1"]
[SourceVersionDate "2018.06.28"]
[SourceQuality "1"]

1. Nf3 Nf6 2. c4 g6 3. g3 Bg7 4. Bg2 d6 5. 0-0 0-0 6. Nc3 Nc6 7. Rb1 Bf5 8. d3 a5 9. a3 e5 10. Nh4 Bd7 11. b4 axb4 12. axb4 Qc8 13. b5 Ne7 14. Qb3 Bh3 15. Ba3 Bxg2 16. Kxg2 b6 17. e4 Nh5 18. Bc1 h6 19. h3 Qe6 20. Nd5 Nxd5 21. cxd5 Qd7 22. Be3 Kh7 23. g4 Nf4+ 24. Bxf4 exf4 25. Kh2 Ra5 26. Rfc1 Rfa8 27. Qc4 R8a7 28. Nf3 Ra2 29. Rc2 R2a4 30. Qc6 Qd8 31. Rd1 Qe7 32. Re1 Ra3 33. Rd1 f5 34. exf5 gxf5 35. Re1 Qf7 36. Rce2 Rxd3 37. Re7 Qf6 38. g5 hxg5 39. R7e6 Rxf3 40. Rxf6 Rxf2+ 41. Kg1 Rfa2 42. Qd7 1-0